000 01889cam a2200421 i 4500
001 data
005 20260322212121.0
008 data
035 _a22452735
906 _a7
_bcbc
_ccopycat
_d2
_encip
_f20
_gy-gencatlg
925 0 _aacquire
_b1 shelf copy
_xpolicy default
010 _a 2021278235
020 _a1788687531
020 _a9781788687539
035 _a(OCoLC)1080246136
040 _aYDX
_beng
_cYDX
_dDLC
_dJRZ
_dOCLCF
_dMZI
_dOCLCQ
_dDLC
_erda
042 _alccopycat
050 0 0 _aG151
_b.T675 2019
082 0 4 _a910.202
_223
245 0 0 _aTravel goals :
_binspiring experiences to transform your life.
246 3 _aLonely Planet travel goals
264 1 _aOakland, CA :
_bLonely Planet Global Limited,
_c2019.
300 _a300 pages :
_bcolor illustrations, maps ;
_c25 cm
336 _atext
_btxt
_2rdacontent
337 _aunmediated
_bn
_2rdamedia
338 _avolume
_bnc
_2rdacarrier
500 _aIncludes index.
520 _aA modern bucket list for responsible, healthy, feel-good travel. Feel inspired and empowered by this guide to transformative travel experiences. If you want to discover yourself as much as the next big sight, these "Travel goals" will change your life. From sleeping under the stars and witnessing natural phenomena to more ambitious challenges, such as helping communities and self-guarding the environment, this is the essential companion to a life well-travelled and well-lived
650 0 _aTravel.
650 0 _aVoyages and travels.
650 0 _aInternational travel.
650 0 _aInspiration in travel.
650 7 _aInternational travel.
_2fast
_0(OCoLC)fst01741797
650 7 _aTravel.
_2fast
_0(OCoLC)fst01155558
650 7 _aVoyages and travels.
_2fast
_0(OCoLC)fst01169308
710 2 _aLonely Planet Global Limited.
999 _c1845
_d1845